<?xml version="1.0" encoding="UTF-8"?><?xml-stylesheet type="text/xsl" href="static/style.xsl"?><OAI-PMH xmlns="http://www.openarchives.org/OAI/2.0/" xmlns:xsi="http://www.w3.org/2001/XMLSchema-instance" xsi:schemaLocation="http://www.openarchives.org/OAI/2.0/ http://www.openarchives.org/OAI/2.0/OAI-PMH.xsd"><responseDate>2026-04-27T20:12:28Z</responseDate><request verb="GetRecord" identifier="oai:uvadoc.uva.es:10324/8093" metadataPrefix="marc">https://uvadoc.uva.es/oai/request</request><GetRecord><record><header><identifier>oai:uvadoc.uva.es:10324/8093</identifier><datestamp>2025-02-17T13:19:56Z</datestamp><setSpec>com_10324_38</setSpec><setSpec>col_10324_852</setSpec></header><metadata><record xmlns="http://www.loc.gov/MARC21/slim" xmlns:doc="http://www.lyncode.com/xoai" xmlns:xsi="http://www.w3.org/2001/XMLSchema-instance" xmlns:dcterms="http://purl.org/dc/terms/" xsi:schemaLocation="http://www.loc.gov/MARC21/slim http://www.loc.gov/standards/marcxml/schema/MARC21slim.xsd">
<leader>00925njm 22002777a 4500</leader>
<datafield tag="042" ind1=" " ind2=" ">
<subfield code="a">dc</subfield>
</datafield>
<datafield tag="720" ind1=" " ind2=" ">
<subfield code="a">Robledo Suárez, María</subfield>
<subfield code="e">author</subfield>
</datafield>
<datafield tag="260" ind1=" " ind2=" ">
<subfield code="c">2014</subfield>
</datafield>
<datafield tag="520" ind1=" " ind2=" ">
<subfield code="a">Este proyecto trata de la relación que hay entre envejecimiento y memoria y cómo afecta la pérdida de ésta al colectivo de “mayores”. Además se explica la importancia del entrenamiento de la memoria y de la red de apoyo para las personas mayores, pues una pérdida de memoria hace que se caiga en una dependencia y no tener red de apoyo hace que una situación de dependencia se agudice aún más, por ello, hay que prevenirla y potenciar el envejecimiento activo. &#xd;
Consiste en un proyecto de mejora de la situación de personas de 65 o más años de la ciudad de Valladolid que vivan solas en su domicilio, con poco o nulo deterioro cognitivo, que tengan poca red de apoyo y se sientan poco motivadas para realizar actividades orientadas para ellos. Para ello se contacta con profesionales de CEAS y centros de salud que intervienen con este colectivo, y pueden facilitar la detección y la llegada. Con respecto a los aspectos innovadores, se recalca la presencia de una persona de la red de apoyo del/la usuario/a en las dinámicas del taller de memoria.</subfield>
</datafield>
<datafield tag="024" ind2=" " ind1="8">
<subfield code="a">http://uvadoc.uva.es/handle/10324/8093</subfield>
</datafield>
<datafield ind1=" " ind2=" " tag="653">
<subfield code="a">[pendiente de asignar]</subfield>
</datafield>
<datafield tag="245" ind1="0" ind2="0">
<subfield code="a">No me olvides, recuérdame.  Proyecto para la prevención de pérdida de memoria en personas mayores de 65 años de Valladolid con poca motivación para acudir solos a actividades preparadas para ellos</subfield>
</datafield>
</record></metadata></record></GetRecord></OAI-PMH>